| 000 | 00500nam a22001457a 4500 | ||
|---|---|---|---|
| 008 | 230330b |||||||| |||| 00| 0 eng d | ||
| 050 | _aBP172.E56 | ||
| 100 |
_aMichel,Thomas sj _952280 |
||
| 245 |
_aJesuits in dialogue; _bjesuits among muslims, _cMichel,Thomas sj |
||
| 260 |
_aItaly: _bSecretariat for interreligious Dialogue, _c2006. |
||
| 300 |
_a93p; _c28cm. |
||
| 650 |
_aIslam; _vrelations _xchristianity. _952281 |
||
| 650 |
_achristianity and other religious _vIslam. _952282 |
||
| 942 |
_2lcc _cSPC |
||
| 999 |
_c131720 _d131720 |
||